Регионална библиотека "Любен Каравелов" - Русе

Славянски езици (Запис номер 2918)

MARC детайли
000 -Лидер
Контролно поле с фиксирана дължина 01177nam a2200301 c 4500
003 - Код на организацията, давaща контролен номер
Контролно поле BLK
005 - Дата и час на последна редакция
Контролно поле 20220727153300.0
008 - Елементи от данни с фиксирана дължина
fixed length control field 180412b bul|||||r ||||||| ||bul||
010 ## - Наследен системен номер
LC control number KNG00003949000
040 ## - Източник на каталожния запис
Идентификатор на билиотеката - собственик на записа BLK
041 ## - Код за език
Код за езика на текст/звукозапис или на отделно заглавие Български
Код за езика КДБФ Български
080 ## - УДК
Текстов определител УДК Славянски и балтийски езици
УДК код - определител по УДК 811.16/.17
УДК определител (075.8)
УДК - код + определител 811.16/.17(075.8)
139 ## - Редно поле
Редна дума Славянски езици
Авторски знак Славч - С 44
245 10 - Сведения за заглавието
Заглавие Славянски езици
Подзаглавни данни Кратки характеристики, образци и речници : Учебник за студентите от слав., бълг. и рус. филология
Редно поле (дума) под ред. на Иван Димитров Леков.
257 ## - Страна на издаване
Страна на създаване/издаване България
260 ## - Област на издателските данни
Място на издаване, разпространение и проч. София
Име на издателя, разпространителя и проч. Наука и изкуство
Година на издаване 1972
300 ## - Физическа характеристика
Страници 164 с.
Размери/Мащаб 21 см
380 ## - Жанр
Жанр Езикознание. Филология
650 #4 - Допълнително описание по предмет – тема
Основно описание – тема или топоним Славянски езици
9 (RLIN) 245181
653 ## - Ключова дума – ненормативна
Ключова дума езикознание
653 ## - Ключова дума – ненормативна
Ключова дума славянски езици
700 1# - Други автори (авторска отговорност)
Лично име Леков, Иван Димитров
Автороска отговорност (Описва отношението между автора и произведението) под ред. на
9 (RLIN) 363512
852 ## - Местоположение
Форматна сигнатура Цб 64348
Фондова буква Хранилище
856 4# - Електронен адрес и достъп
Електронен формат pdf - файл
Път до файла /url/
856 4# - Електронен адрес и достъп
Електронен формат pdf - файл
Път до файла /url/
999 ## - СИСТЕМНИ КОНТРОЛНИ НОМЕРА
Koha biblionumber 2918
Koha biblioitemnumber 2918
942 ## - АРТИКУЛИ
Вид на библиотечния материал Книги
Скрит в OPAC Не
Koha issues (borrowed), all copies 1
Периодичен библиозапис Да
944 ## - СЪЗДАВАНЕ И РЕДАКЦИЯ на ЗАПИСА
Създаване/Редакция Създаване
Дата на регистрацията/редакция 15.01.2003
Служител, извършил регистрацията/редакцията Кети_Илиева
944 ## - СЪЗДАВАНЕ И РЕДАКЦИЯ на ЗАПИСА
Създаване/Редакция Редакция
Дата на регистрацията/редакция 12.01.2013
944 ## - СЪЗДАВАНЕ И РЕДАКЦИЯ на ЗАПИСА
Създаване/Редакция Редакция
Дата на регистрацията/редакция 2022-07-27
999 ## - СИСТЕМНИ КОНТРОЛНИ НОМЕРА
Koha biblioitemnumber 2918
Наличности
Код за отписване Код за изгубен артикул Източник на класификационната схема Код за повреда Коз за рестрикции Код за отдаване Артикулен № Име на библиотеката - собственик Име на библиотеката, в която се намира в момента Статус (Текущо местоположение) Дата на вписване в системата Местоположение - отдел Цена в лева Инвентарен номер Систематично азбучна сигнатура Баркод Номер на екземпляра Цена в евро Служебна бележка Служебен тип на артикула
  Не е изгубен Universal Decimal Classification Не е повреден без рестрикции ползва се в читалня 5338 Регионална библиотека "Любен Каравелов" Русе Регионална библиотека "Любен Каравелов" Русе Хранилище 1972-01-01 Хранилище 0.63 125489 Цб 64348 120000125489 1 0.32 Дост: Dp Вид: Д N: стар фонд Дата: 01.01.1972 Книги
  Не е изгубен Universal Decimal Classification Не е повреден без рестрикции заемане за дома 5339 Регионална библиотека "Любен Каравелов" Русе Регионална библиотека "Любен Каравелов" Русе Заемна - подръчен фонд 1972-01-01 Заемна - подръчен фонд 0.63 122973 811/С 44 120000122973 2 0.32 Дост: Pk Вид: Ф N: стар фонд Дата: 01.01.1972 Дата инв: 27.03.2017 Бележки инв: Ч2017 Книги
Vip Innovations Ltd, Rousse, Bulgaria 2025